000 01956cam a22003255i 4500
001 21853132
005 20260606150400.0
008 201228s2021 cau 000 0 eng
010 _a 2020952793
020 _a9789353887421
_q(hardback)
020 _z9789353887438
_q(epub)
020 _z9789353887445
_q(ebk)
035 _a21853132
040 _aDLC
_beng
_erda
_cDLC
042 _apcc
082 _a370.954
245 0 0 _aEducation in India :
_bpolicy and practice /
_cJandhyala B.G. Tilak.
263 _a2101
264 1 _aThousand Oaks :
_bSage Publication India Pvt Ltd,
_c2021.
300 _a1 Online resource
336 _atext
_btxt
_2rdacontent
337 _aunmediated
_bn
_2rdamedia
338 _avolume
_bnc
_2rdacarrier
520 _a"Education in India: Policy and Practice presents trends in shifting education policies in independent India and how the State, academia and civil society reacted to the changing priorities during the last 50 years. The 20 chapters, authored by eminent scholars and experts, provide valuable insights into complex policy issues at the grassroots as well as macro levels. The book discusses major challenges and concerns such as growth and inequalities, education of women, quality of higher education and research, and making policy reforms for the transformation of the system in such a way that it helps in broader social transformation. The issues analyzed have also been taken up in the editor's introductions, which provide a perspective on their wider social, political and economic implications in detail. This volume is an important reference tool for grappling with the challenges of the new National Education Policy 2020"--
_cProvided by publisher.
700 1 _aTilak, Jandhyala B.G.,
_eeditor.
856 _uhttps://sk.sagepub.com/books/education-in-india
_yRead SAGE E-Book
906 _a0
_bibc
_corignew
_d2
_eepcn
_f20
_gy-gencatlg
942 _2ddc
_cEBOOK
999 _c44755
_d44755